Statistics for All-Time Miami Dolphins

Click here to take the quiz!

General Stats

  • This quiz has been taken 189 times
  • The average score is 5 of 15

Answer Stats

PositionAnswer% Correct
QBMarino
100%
HBCsonka
63%
WRGregory Clayton
59%
LBTaylor
53%
WRDuper
51%
LBThomas
40%
DEWake
20%
SScott
18%
CLanger
16%
CBMadison
14%
DTSuh
14%
GKuechenberg
13%
TFernandez
12%
TEGesicki
9%
PMorrall
0%

Score Distribution

Percentile by Number Answered

Percent of People with Each Score

Your Score History

You have not taken this quiz